000 00224nam a2200097 a 4500
005 20200930075838.0
008 120123s2007 000 spa d
245 0 _aThe institute.
260 _a[s.l.],
_c2007.
999 _c36128
_d36128
040 _aDO-SdBNP